000
00310nam a2200145Ia 4500
005
20241026120207.0
008
241026s9999 xx 000 0 und d
082
_b
Gir
100
_a
Girish Pande
245
0
_a
Holistic Education
260
_b
Lucknow, Ankita
260
_c
2009
300
_a
99
942
_c
DB
999
_c
8717
_d
8717